000 00818cam a2200241 4500
001 7983
005 20181127184825.0
008 960402s1996 cou b 001 0 eng
010 _a 96015890
020 _a0813326370 (hardcover)
020 _a0813326389 (pbk.)
082 0 0 _a305.8/00723
_220
100 _aLareau, Annette
_b
_c
_d
_eeditor
_q
245 0 0 _aJourneys through ethnography :
_brealistic accounts of fieldwork /
_cedited by Annette Lareau and Jeffrey Shultz.
260 _aBoulder, Colo :
_bWestview Press,
_c1996.
300 _axi, 260 p. ;
_c24 cm.
504 _aIncludes bibliographical references (p. 241-249) and index.
650 0 _aEthnology
_xFieldwork.
650 0 _aEthnology
_xMethodology.
700 1 _aLareau, Annette.
700 1 _aShultz, Jeffrey J.
999 _c6867
_d6867